000 00898 a2200229 4500
003 Nust
005 20230516132556.0
010 _a 84008361
020 _a0835932222 (pbk.) :
040 _cNust
082 0 0 _a001.64,HUN
100 1 _aHunter, Colin B.
_9112383
245 1 0 _aIntroduction to the Intel iAPX 432 architecture /
_cColin B. Hunter, James F. Ready, Erin Farquhar.
260 _aReston, Va. :
_bReston Pub. Co.,
_c[1984], c1985.
300 _avii, 181 p. :
_bill. ;
_c23 cm.
505 _aComputer Architecture (Page-1), Memory Organization (Page-17), Data Communication (Page-37), Environmental Support for Programming (Page-51), The Silicon Operating System (Page-75), I/O Architecture (Page-87).
650 0 _aComputer architecture.
650 0 _aIntel 432 (Computer)
_9112384
700 1 _aFarquhar, Erin.
_9112385
700 1 _aReady, James F.
_9112386
942 _2ddc
_cBKB
999 _c176230
_d176230